LEADER 01428nam1 2200433 450 001 990003316160203316 005 20090922115721.0 035 $a000331616 035 $aUSA01000331616 035 $a(ALEPH)000331616USA01 035 $a000331616 100 $a20090922d--------km-y0itay50------ba 101 $aeng 102 $aGB 105 $a||||||||001yy 200 1 $aProgress in nuclear physics 210 $aOxford$cPergamon press$dcopyr. 215 $av.$d24 cm 225 2 $aProgress in nuclear physics 606 0 $aFisica nucleare 676 $a539.7 801 0$aIT$bsalbc$gISBD 912 $a990003316160203316 951 $a539.7 PNP/$bCBS$c539.7 959 $aBK 969 $aSCI 979 $aRSIAV7$b90$c20090922$lUSA01$h1157 996 $aProgress in nuclear physics$9790874 997 $aUNISA 998 \\$1001990003316180203316$12001 $a<> 998 \\$1001990003316190203316$12001 $a<> 998 \\$1001990003316210203316$12001 $a<> 998 \\$1001990003316220203316$12001 $a<> 998 \\$1001990003316250203316$12001 $a<> 998 \\$1001990003316270203316$12001 $a<> 998 \\$1001990003316290203316$12001 $a<> 998 \\$1001990003316300203316$12001 $a<> 998 \\$1001990003316320203316$12001 $aK meson leptonic decay 998 \\$1001990003316330203316$12001 $aTotal cross- section measurements LEADER 01181nam0 22002773i 450 001 UBO2779003 005 20231121125859.0 010 $a3447051418 100 $a20160219d2005 ||||0itac50 ba 101 | $ager$aeng$aita 102 $ade 181 1$6z01$ai $bxxxe 182 1$6z01$an 200 1 $aTebtynis und Soknopaiu Nesos$eLeben im römerzeitlichen Fajum$eAkten des Internationalen Symposions 11. bis 13. Dezember 2003 in Sommerhausen bei Wurzburg$fHerausgegeben von Sandra Lippert und Maren Schentuleit 210 $aWiesbaden$cHarrassowitz Verlag$d2005 215 $aVI, 211 p.$cill.$d24 cm. 702 1$aLippert$b, Sandra Luisa$3TSAV420575 702 1$aSchentuleit$b, Maren$3UBOV002468 801 3$aIT$bIT-01$c20160219 850 $aIT-FR0017 899 $aBiblioteca umanistica Giorgio Aprea$bFR0017 912 $aUBO2779003 950 0$aBiblioteca umanistica Giorgio Aprea$d 52CIS S.Sij.E4 TEBTYNIS LIPPERT$e 52VM 0000663705 VM barcode:00042519. - Inventario:29587 FLS. - Fondo:Fondo SijpesteijnVM$fA $h20070213$i20121204 977 $a 52 996 $aTebtynis und Soknopaiu Nesos$91090396 997 $aUNICAS